000 00922nam a2200289 a 4500
001 000116200
003 CHAP
005 20220329144605.0
008 191003s2018 mx a |r| |||||0|spa d
010 _a112661
011 _a113633
020 _a9786071205360
040 _cCHAP
082 0 4 _a633.739
_bB27
245 0 _aPlagas y enfermedades del café :
_bidentificación, bioecología y manejo agroecológico /
_cpor Juan francisci Barrera Gaytán ...[et al.].
260 _aMéxico :
_bUACH
_bCENACAFE
_bECOSUR,
_c2018.
300 _a93 p. :
_bil.
590 _aE6339RRR
_b05
_c20191003
_lUCH01
_h1140
650 1 4 _aCafé
_xControl de plagas.
_9136954
650 1 4 _aCafé
_xCultivo.
_9135268
650 1 4 _aCafé
_xEnfermedades
_xIdentificación.
_9136955
650 1 4 _aCafé
_xPlagas
_xIdentificación.
_9136953
700 0 _aBarrera Gaytán, Juan Francisco.
_910385
901 _aBK
942 _cLIBRO
942 _n0
999 _c112661
_d112661